000 03945nam0a2200481 4500
001 RU\NLR\BIBL_A\016239386
005 20260408084743.0
010 _a978-5-6046309-9-0
_9200
021 _aRU
_b2022-83099
_9КН-П-7319
035 _a(RuMoRGB)011401793
035 _a(NLR Aleph) 016239386
090 _a12792512
_c12792512
100 _a20221215d2022 |||y0rusy50 ca
101 0 _arus
102 _aRU
105 _aa z 100zy
181 0 _ai3
_baxxe
182 0 _an
200 1 _aРоссийско-китайский диалог: модель 2022
_eрезультаты анализа российско-китайского сотрудничества во II - IV кварталах 2021 г. - I квартале 2022 г.
_fк. и. н. А. В. Кортунов, д. филол. н. К. В. Бабаев, И. Е. Денисов [и др.]
_gредакторская группа: к. полит. н. И. Н. Тимофеева [и др.]
203 _aТекст
_bвизуальный
_cнепосредственный
210 _aМосква
_cНП РСМД
_d2022
215 _a81 с.
_cил., табл.
_d24
225 1 _aДоклад
_fРоссийский совет по международным делам [и др.]
_v№ 78/2022
300 _aАвт. указаны на обороте тит. с.
320 _aБиблиогр. в подстроч. примеч.
330 _aВ восьмом ежегодном докладе "Российско-китайский диалог: модель 2022" представлены результаты анализа российско-китайского сотрудничества во II-IV кварталах 2021 г. - I квартале 2022 г. В указанный период динамика развития отношений Москвы и Пекина испытывала заметное воздействие внешне среды и развивающихся глобальных конфронтационных процессов. Авторы материала сосредоточились на воздействии актуальной повестки на положение России и Китая в Евразии, перспективах и условиях развития региона. В докладе также традиционно рассмотрены основные достижения и трудности собственно двусторонней повестки дня
607 _aКитайская Народная Республика
_jЛекции, доклады и т.п
_xВзаимоотношения
_yРоссийская Федерация
_z2020-ые гг.
_92503175
_3RU\NLR\AUTH\6601699876
607 _aРоссийская Федерация
_jЛекции, доклады и т.п
_xВзаимоотношения
_yКитайская Народная Республика
_z2020-ые гг.
_92503173
_3RU\NLR\AUTH\6601699874
675 _a327(470
_v4
675 _a510)
_v4
686 1 _aТ3(2)74-64(5Кит)
686 1 _aТ3(5Кит)72-64(2)
701 1 _7ca
_8rus
_aКортунов
_bА. В.
_f1957-
_gАндрей Вадимович
_9250933
_3RU\NLR\AUTH\770250989
701 1 _aБабаев
_bК. В.
_gКирилл Владимирович
701 1 _7ca
_8rus
_aДенисов
_bИ. Е.
_cэкономист-востоковед
_gИгорь Евгеньевич
_9202926
_3RU\NLR\AUTH\770202977
702 1 _4340
_7ca
_8rus
_aТимофеев
_bИ. Н.
_cканд. полит. наук
_f1980-
_gИван Николаевич
_9136761
_3RU\NLR\AUTH\770136796
712 0 2 _4570
_aРоссийский совет по международным делам
_3RU\NLR\AUTH\8810203391
_9294745
942 _cBOOK
980 _aNB